100 Films Fantastique (2010-2017) - Statistiques

Statistiques générales
  • Ce quiz a été pris 809 fois
  • Le résultat moyen est 25 sur 100
Statistiques - réponses
Sortie Acteur Film / Saga % Correct
2010 Daniel Radcliffe, Rupert Grint Harry Potter et les Reliques de la Mort - Partie 1
93%
2011 Daniel Radcliffe, Rupert Grint Harry Potter et les Reliques de la Mort - Partie 2
93%
2010 Kristen Stewart, Robert Pattinson Twilight - Chapitre 3: Hésitation
83%
2011 Robert Pattinson, Kristen Stewart Twilight - Chapitre 4 : Révélation - 1ère partie
83%
2012 Kristen Stewart, Robert Pattinson Twilight - Chapitre 5 : Révélation - 2e partie
83%
2017 Tom Holland, Zendaya Spider-Man Homecoming
72%
2012 Andrew Garfield, Emma Stone The Amazing Spider-Man
72%
2014 Andrew Garfield, Emma Stone The Amazing Spider-Man - Le Destin d'un Héros
72%
2011 Chris Hemsworth, Natalie Portman Thor
67%
2017 Chris Hemsworth, Tom Hiddleston Thor 3 - Ragnarok
67%
2013 Chris Hemsworth, Natalie Portman Thor - Le Monde des Ténèbres
67%
2011 Johnny Depp, Penélope Cruz Pirates des Caraïbes - La Fontaine de Jouvence
65%
2017 Johnny Depp, Javier Bardem Pirates des Caraïbes - La Vengeance de Salazar
65%
2016 Ben Affleck, Henry Cavill Batman Vs Superman - L'aube de la Justice
55%
2016 Chris Evans, Robert Downey Jr. Captain America - Civil War
50%
2016 James McAvoy, Michael Fassbender X-Men - Apocalypse
50%
2014 Vincent Cassel, Léa Seydoux La Belle et la Bête
44%
2017 Emma Watson, Dan Stevens La Belle et la Bête
44%
2015 Miles Teller, Kate Mara Les 4 Fantastiques
43%
2017 Dwayne Johnson, Jack Black Jumanji
42%
2014 Angelina Jolie, Elle Fanning Maléfique
41%
2017 Gal Gadot, Chris Pine Wonder Woman
41%
2010 Johnny Depp, Mia Wasikowska Alice au Pays des Merveilles
40%
2016 Mia Wasikowska, Johnny Depp Alice de l'Autre Côté du Miroir
40%
2016 Ryan Reynolds, Morena Baccarin Deadpool
38%
2016 Eddie Redmayne, Katherine Waterston Les Animaux Fantastiques
37%
2014 Martin Freeman, Richard Armitage Le Hobbit - La Bataille des Cinq Armées
35%
2013 Martin Freeman, Richard Armitage Le Hobbit - La Désolation de Smaug
35%
2012 Ian McKellen, Martin Freeman Le Hobbit - Un Voyage Innatendu
35%
2010 Logan Lerman, Brandon T. Jackson Percy Jackson et le Voleur de Foudre
35%
2013 Logan Lerman, Brandon T. Jackson Percy Jackson - La Mer des Monstres
35%
2013 Hugh Jackman, Tao Okamoto Wolverine - Le Combat de l'immortel
35%
2012 Julia Roberts, Lily Collins Blanche-Neige
33%
2012 Kristen Stewart, Chris Hemsworth Blanche-Neige et le Chasseur
32%
2016 Benedict Cumberbatch, Chiwetel Ejiofor Doctor Strange
32%
2016 Chris Hemsworth, Charlize Theron Le Chasseur et la Reine des Glaces
32%
2016 Margot Robbie, Will Smith Suicide Squad
32%
2011 Ryan Reynolds, Blake Lively Green Lantern
29%
2013 Henry Cavill, Amy Adams Man of Steel
29%
2017 James McAvoy, Anya Taylor-Joy Split
28%
2017 Ben Affleck, Henry Cavill Justice League
26%
2010 Skandar Keynes, Ben Barnes Le Monde de Narnia - L'Odyssée du Passeur d'Aurore
26%
2016 Eva Green, Asa Butterfield Miss Peregrine et les Enfants Particuliers
24%
2015 Ben Stiller, Robin Williams La Nuit au musée - Le Secret des Pharaons
20%
2015 Lily James, Cate Blanchett Cendrillon
18%
2017 Tom Hiddleston, Brie Larson Kong - Skull Island
17%
2012 Sam Worthington, Liam Neeson La Colère des Titans
15%
2010 Sam Worthington, Liam Neeson Le Choc des Titans
15%
2012 Nicolas Cage, Ciarán Hinds Ghost Rider - L'Esprit de Vengeance
14%
2010 Emma Thompson, Maggie Gyllenhaal Nanny McPhee et le Big Bang
14%
2017 Kate Beckinsale, Theo James Underworld - Blood Wars
14%
2012 Kate Beckinsale, Theo James Underworld - Nouvelle ère
14%
2012 Johnny Depp, Michelle Pfeiffer Dark Shadows
13%
2017 Tom Cruise, Annabelle Wallis La Momie
13%
2012 Dwayne Johnson, Michael Caine Voyage au Centre de la Terre 2 : L'île Mystérieuse
13%
2014 Daniel Radcliffe, Max Minghella Horns
12%
2013 Jeremy Renner, Gemma Arterton Hansel et Gretel - Witch Hunters
11%
2011 Vanessa Hudgens, Alex Pettyfer Sortilège
11%
2014 Russell Crowe, Jennifer Connelly Noé
9%
2014 Sullivan Stapleton, Eva Green 300 - La Naissance d'un Empire
8%
2014 Luke Evans, Sarah Gadon Dracula Untold
8%
2017 Matt Damon, Jing Tian La Grande Muraille
8%
2010 Nicolas Cage, Jay Baruchel L'Apprenti Sorcier
8%
2017 Idris Elba, Matthew McConaughey La Tour Sombre
8%
2013 James Franco, Mila Kunis Le Monde Fantastique d'Oz
8%
2013 Brad Pitt, Mireille Enos World War Z
8%
2015 Daniel Radcliffe, James McAvoy Docteur Frankenstein
7%
2015 Meryl Streep, James Corden Into the Woods, Promenons-nous dans les bois
6%
2013 Jeff Bridges, Ryan Reynolds R.I.P.D Brigade Fantôme
6%
2014 Keanu Reeves, Hiroyuki Sanada 47 Ronin
5%
2016 Nikolaj Coster-Waldau, Gerard Butler Gods of Egypt
5%
2017 Charlie Hunnam, Astrid Bergès-Frisbey Le Roi Arthur - La Légende d'Excalibur
5%
2010 Saoirse Ronan, Mark Wahlberg Lovely Bones
5%
2010 Michael Cera, Mary Elizabeth Winstead Scott Pilgrim
5%
2016 Melissa McCarthy, Kristen Wiig S.O.S Fantômes
5%
2014 Dwayne Johnson, Rufus Sewell Hercule
4%
2010 Noah Ringer, Dev Patel Le Dernier Maître de l'Air
4%
2010 Zac Efron, Amanda Crew Le Secret de Charlie
4%
2015 Levi Miller (II), Hugh Jackman Pan
4%
2015 Anthony Hopkins, Jeffrey Dean Morgan Prémonitions
4%
2011 Emily Browning, Abbie Cornish Sucker Punch
4%
2016 Travis Fimmel, Toby Kebbell Warcraft - Le Commencement
4%
2011 Jason Momoa, Rachel Nichols Conan
3%
2013 Eleanor Tomlinson, Ewan McGregor Jack et le Chasseur de Géants
3%
2011 Henry Cavill, Mickey Rourke Les Immortels
3%
2010 Benicio Del Toro, Anthony Hopkins Wolfman
3%
2015 Vin Diesel, Rose Leslie Le Dernier Chasseur de Sorcières
2%
2011 Nicolas Cage, Ron Perlman Le Dernier des Templiers
2%
2016 Lambert Wilson, Leïla Bekhti Le Livre de la Jungle
2%
2014 Jeff Bridges, Ben Barnes Le Septième Fils
2%
2016 Kristen Stewart, Lars Eidinger Personal Shopper
2%
2016 Bryce Dallas Howard, Robert Redford Peter et Elliott le Dragon
2%
2012 Benjamin Walker, Dominic Cooper Abraham Lincoln - Chasseur de Vampires
1%
2011 Nicolas Cage, Billy Burke Hell Driver
1%
2016 Dany Boon, Mark Rylance Le BGG - Le Bon Gros Géant
1%
2011 Lauren Bittner, Christopher Nicholas Smith Paranormal Activity 3
1%
2017 Lewis MacDougall, Sigourney Weaver Quelques Minutes après Minuit
1%
2015 Salma Hayek, Vincent Cassel Tale of Tales
1%
2014 Jeff Bridges, Meryl Streep The Giver
1%
2011 Danny McBride, James Franco Votre Majesté
1%
Aucun quiz correspondant
Distribution des résultats
% des personnes avec chaque résultat
Percentile par nombre de réponses
Votre historique - résultats
Vous n’avez pas pris ce quiz